LIBRARY & INFORMATION CENTRE, KCAET, TAVANUR

ONLINE PUBLIC ACCESS CATALOGUE (OPAC)

Directory of board members and key personnel, Vol 5 / (Record no. 399)

MARC details
000 -LEADER
fixed length control field 00424cam a2200157ua 4500
003 - CONTROL NUMBER IDENTIFIER
control field OSt
008 - FIXED-LENGTH DATA ELEMENTS--GENERAL INFORMATION
fixed length control field 260213b |||||||| |||| 00| 0 eng d
041 ## - LANGUAGE CODE
Language code of text/sound track or separate title eng
082 ## - DEWEY DECIMAL CLASSIFICATION NUMBER
Classification number 028.76
Item number CIP/DI
245 ## - TITLE STATEMENT
Title Directory of board members and key personnel, Vol 5 /
260 ## - PUBLICATION, DISTRIBUTION, ETC. (IMPRINT)
Place of publication New Delhi :
Name of publisher Central Board of Irrigation and Power ,
Year of publication 2003.
300 ## - PHYSICAL DESCRIPTION
Number of Pages 457 ; .
650 ## - SUBJECT ADDED ENTRY--TOPICAL TERM
Topical Term Directory
942 ## - ADDED ENTRY ELEMENTS (KOHA)
Koha item type Books
Holdings
Withdrawn status Lost status Damaged status Home library Current library Date acquired Full call number Accession Number Koha item type
      KAUAET KAUAET 07/04/2012 028.76 20766 Reference
free website counter